Основы биохимии Ленинджера. [Т.] 3: Пути передачи информации (Запись № 11330616)
[ простой вид ]
| 000 -МАРКЕР | |
|---|---|
| контрольное поле | 01459nam2a2200277 4500 |
| 001 - ИДЕНТИФИКАТОР ЗАПИСИ | |
| контрольное поле | RU\NLR\BIBL_A\011367157 |
| 005 - ИДЕНТИФИКАТОР ВЕРСИИ | |
| контрольное поле | 20250626053233.0 |
| 010 ## - МЕЖДУНАРОДНЫЙ СТАНДАРТНЫЙ НОМЕР КНИГИ (ISBN) | |
| Номер (ISBN) | 978-5-00101-016-6 |
| Уточнения | т. 3 |
| 021 ## - НОМЕР ГОСУДАРСТВЕННОЙ РЕГИСТРАЦИИ | |
| Код страны | Российская Федерация |
| Номер | 2017-18139 |
| Номер Листа государственной регистраци | 1336 |
| 035 ## - ДРУГИЕ СИСТЕМНЫЕ НОМЕРА | |
| Идентификатор записи | (NLR Aleph) 011367157 |
| 100 ## - ДАННЫЕ ОБЩЕЙ ОБРАБОТКИ | |
| Данные общей обработки | 20170413d2017 |||y0rusy50 ca |
| 101 0# - ЯЗЫК РЕСУРСА | |
| Язык текста, звукозаписи и т.д. | русский |
| Язык оригинала | английский |
| 102 ## - СТРАНА ПУБЛИКАЦИИ ИЛИ ПРОИЗВОДСТВА | |
| Страна публикации | Российская Федерация |
| 105 ## - ПОЛЕ КОДИРОВАННЫХ ДАННЫХ: ТЕКСТОВЫЕ МАТЕРИАЛЫ, МОНОГРАФИЧЕСКИЕ | |
| Кодированные данные о монографическом текстовом документе | a j 001zy |
| 200 1# - ЗАГЛАВИЕ И СВЕДЕНИЯ ОБ ОТВЕТСТВЕННОСТИ | |
| Основное заглавие | Пути передачи информации |
| 210 ## - ПУБЛИКАЦИЯ, РАСПРОСТРАНЕНИЕ И ДР. | |
| Дата издания, распространения и т.д. | 2017 |
| Место издания, распространения и т.д. | Б. м. |
| 215 ## - ФИЗИЧЕСКАЯ ХАРАКТЕРИСТИКА | |
| Специфическое обозначение материала и объем | 444 с. |
| Другие сведения о физической характеристике | ил., портр., цв. ил. |
| 320 ## - ПРИМЕЧАНИЯ О НАЛИЧИИ В ДОКУМЕНТЕ БИБЛИОГРАФИИ / УКАЗАТЕЛЯ | |
| Текст примечания | Предм.-имен. указ.: с. 389-436 |
| 461 #0 - УРОВЕНЬ НАБОРА | |
| Встроенное поле | 001RU\NLR\BIBL_A\011268372 |
| -- | 2001#$aОсновы биохимии Ленинджера$eв 3 т.$fД. Нельсон, М. Кокс$gпер. с англ. к.х.н. Т.П. Мосоловой [и др.]$gпод ред. акад. РАН А.А. Богданова и чл.-кор. РАН С.Н. Кочеткова$v[Т.] 3 |
| -- | 700#1$aНельсон$bД. Л.$gДэвид Л |
| Системный номер (АБИС) связанной записи | 10806848 |
| Автор | Нельсон, Д. Л. |
| Место публикации | Москва |
| Дата публикации | 2016 |
| Издание | Изд. 3-е, испр. |
| Первые сведения об ответственности | Д. Нельсон, М. Кокс |
| Имя издателя, распространителя и т.д. | Лаборатория знаний |
| Сведения, относящиеся к заглавию | в 3 т. |
| Заглавие | Основы биохимии Ленинджера |
| ISBN | 9785001010135 |
| Номер тома | [Т.] 3 |
| 606 1# - НАИМЕНОВАНИЕ ТЕМЫ КАК ПРЕДМЕТ | |
| Наименование темы | Генетическая информация |
| Формальный подзаголовок | Учебные издания |
| Системный номер авторитетной/нормативной записи | 1235818 |
| Идентификатор авторитетной/нормативной записи | RU\NLR\AUTH\66186743 |
| 686 1# - ИНДЕКСЫ ДРУГИХ КЛАССИФИКАЦИЙ | |
| Индекс | Е041.12я7 |
| 942 ## - ДОПОЛНИТЕЛЬНЫЕ ЭЛЕМЕНТЫ ЗАПИСИ (АБИС) | |
| Тип экземпляра АБИС | Книга |
| 980 ## - КОЛЛЕКЦИЯ | |
| Название коллекции | Национальная библиография |
| Тип экземпляра | Дата поступления | Источник поступления | Библиотека постоянного хранения | Библиотека текущего хранения | Место хранения | Шифр хранения | Штрих-код | Статус экземпляра |
|---|---|---|---|---|---|---|---|---|
| Книга | 13.04.2017 | Обязательный экземпляр | РНБ (Московский) | РНБ (Московский) | Русский книжный фонд: издания с 1957 года | 2016-7/4930 | 1-1807130 | |
| Книга | 13.04.2017 | Обязательный экземпляр | РНБ (Московский) | РНБ (Московский) | Русский книжный фонд: издания с 1957 года | 2016-7/4930 | 1-1807129 |